| 000 | 00817nam a2200217Ia 4500 | ||
|---|---|---|---|
| 001 | 12777 | ||
| 003 | GE_BSU | ||
| 008 | 181216s||||||||xx |||||||||||||| ||und|| | ||
| 040 | _cGE_BSU | ||
| 080 | _a631.4 | ||
| 245 | _aПочвы и природные зоны земли:теоретический анализ некоторых проблем почвоведения и географии | ||
| 245 | _cОтв.ред.Н.Н.Болышев | ||
| 260 | _aЛенинград | ||
| 260 | _bНаука | ||
| 260 | _c1970 | ||
| 300 | _a340стр.20см. | ||
| 300 | _cБиблиогр.с.330-336 | ||
| 653 | _aПочвы и природные зоны земли | ||
| 653 | _aтеоретический анализ некоторых проблем почвоведения и географии | ||
| 942 | _cBK | ||
| 999 |
_c45948 _d45948 |
||